| 000 | 01162cam a22003134a 4500 | ||
|---|---|---|---|
| 001 | 16719780 | ||
| 003 | OSt | ||
| 005 | 20180116192407.0 | ||
| 008 | 110404s2011 pk bl 000 0 eng | ||
| 010 | _a 2011326923 | ||
| 025 | _aP-E-2011326923 ; 46 | ||
| 040 |
_aDLC _cDLC _dDLC |
||
| 042 |
_alcode _apcc |
||
| 043 | _aa-pk--- | ||
| 050 | 0 | 0 |
_a351.05491 _b.A28 2011 |
| 082 | _a351.05491 | ||
| 245 | 1 | 0 |
_aComplete Estacode, Civil Establishment Code : _ba compendium of laws, rules, regulations and and instruction relating to the terms and conditions of Federal Civil Servants. _cCorrected &Modified by Zaka Ali _hvol.1 |
| 246 | 3 | _aEstacode, Civil Establishment Code | |
| 250 | _aNew rev. ed. | ||
| 260 |
_aKarachi : _bThe Ideal Publishers, _c2011. |
||
| 300 |
_avol.1 ; _c24 cm. |
||
| 500 | _a"A compendium of laws, rules, regulations and instruction relating to the terms and conditions of Federal Civil Servants". | ||
| 504 | _aIncludes bibliographical references. | ||
| 650 | 0 |
_aCivil service _zPakistan. _9149 |
|
| 700 |
_aZaka Ali _9150 |
||
| 906 |
_a7 _bcbc _corigode _d2 _encip _f20 _gy-gencatlg |
||
| 942 |
_2ddc _cREF |
||
| 999 |
_c353425 _d353425 |
||